000 00570nam a22002297a 4500
003 UA-OsUOA
001 30126
007 ta
008 20041105b un ||||| |||| 00| 0 ukr d
090 _a913(520)
_bЯ70
942 _cBK
040 _aUA-OsUOA
_brus
_cUA-OsUOA
_dUA-OsUOA
245 _aЯпония 1977
_bЕжегодник
_cРед. И.И.Коваленко
300 _a286 с.
_bІлюстрації
955 _a0
041 _arus
080 _a913(520)
260 _aМосква
_bНаука
_c1978
044 _aRU
650 7 _2UDC
999 _c316533
_d316533